000 00772nam a22002657a 4500
001 BR7703765
003 BR-BrBNA
005 20230928085342.0
007 ta
008 230509b bl.||||| |||| 00| 0 por d
040 _aBR-BrBNA
_bpor
_cBiblioteca Nacional de Agricultura
041 _a(Por)
072 _aS30
_b9000
_b/G514
090 _ 9000 BR7703765
110 1 _aBanco Nacional de Desenvolvimento Economico, Brasilia, DF (Brasil)
_91209
245 1 _aAlimentos: producao e programas de distribuicao [Brasil]
260 3 _aBrasilia, DF (Brasil):
_c[nd].
300 _a74 p.
500 _aPublished after 1977; 37 tables
650 _aAlimentacao
650 _aAlimento
650 _aNutricao humana
909 _a202309
_bLucia
_c55
_dLucia Elande
942 _cBK
999 _c23980
_d23980